000
00207 a2200097 4500
001
21490
100
_a
Salt, L E
245
_a
Oxford Junior Encyclopedia
260
_a
_b
Oxford
_c
1949
090
_c
15119
_d
15119
942
_a
NUST-CAE
_c
M
_c
5691
999
_c
256563
_d
256563